00371nam a2200133 a 4500008004100000020001500041050001400056100002200070245003500092246005000127260003700177300001400214350000900228120416s1985 ||||||||||||||||| || u a0300039360 aHB 73 Sta aStaniland, Martin10aWhat is the political economy? aa study of social theory and underdevelopment aNew HavenbYale Universityc1985 axi, 229p. a0.00